Adresář pojišťoven. Česká pojišťovna.

Adresár poisťovní Českej pojišťovne v Českej republike.

Salvato in:
Dettagli Bibliografici
Natura: Capitolo di libro
Lingua:ceco
Soggetti:
Tags: Aggiungi Tag
Nessun Tag, puoi essere il primo ad aggiungerne!!

MARC

LEADER 00000naa a2200000 4500
001 r012684
005 20220826093845.6
041 0 |a cze 
044 |a CZ 
245 1 0 |a Adresář pojišťoven. Česká pojišťovna. 
520 |a Adresár poisťovní Českej pojišťovne v Českej republike. 
610 2 0 |a poisťovne 
610 2 0 |a Čechy 
610 2 0 |a adresáre 
610 2 0 |a Česká pojišťovna